The Franco-German war, 1870-1871 ... (Record no. 552213)
[ view plain ]
| 000 -LEADER | |
|---|---|
| fixed length control field | 00569cam a2200157u 4500 |
| 082 ## - DEWEY DECIMAL CLASSIFICATION NUMBER | |
| Classification number | 943.082 |
| Author Mark | FRA |
| 110 1# - MAIN ENTRY--CORPORATE NAME | |
| Corporate name or jurisdiction name as entry element | Prussia (Kingdom). |
| 9 (RLIN) | 49435 |
| 245 04 - TITLE STATEMENT | |
| Title | The Franco-German war, 1870-1871 ... |
| 260 ## - PUBLICATION, DISTRIBUTION, ETC. | |
| Place of publication, distribution, etc. | London, |
| Name of publisher, distributor, etc. | Printed under the superintendence of H. M. Stationery off., |
| Date of publication, distribution, etc. | 1873-84. |
| 300 ## - PHYSICAL DESCRIPTION | |
| Extent | 5 v. |
| Other physical details | illus., maps (part fold.) plans (part fold.) facsim. |
| Dimensions | 24 cm. |
| 526 ## - STUDY PROGRAM INFORMATION NOTE | |
| Program name | 0 |
| Interest level | 0 |
| Reading level | 0 |
| Title point value | 943_082000000000000_FRA |
| 650 #0 - SUBJECT ADDED ENTRY--TOPICAL TERM | |
| Topical term or geographic name entry element | Franco-Prussian War, 1870-1871. |
| 9 (RLIN) | 49384 |
| 650 #0 - SUBJECT ADDED ENTRY--TOPICAL TERM | |
| Topical term or geographic name entry element | MCE |
| 9 (RLIN) | 379 |
| 700 1# - ADDED ENTRY--PERSONAL NAME | |
| Personal name | Clarke, Francis Coningsby Hannam, |
| 9 (RLIN) | 49436 |
| 942 ## - ADDED ENTRY ELEMENTS (KOHA) | |
| Source of classification or shelving scheme | |
| Koha item type | Book |
| Withdrawn status | Lost status | Source of classification or shelving scheme | Damaged status | Not for loan | Permanent Location | Current Location | Shelving location | Date acquired | Total Checkouts | Full call number | Barcode | Date last seen | Price effective from | Koha item type |
|---|---|---|---|---|---|---|---|---|---|---|---|---|---|---|
| Military College of Engineering (MCE) | Military College of Engineering (MCE) | 01/12/2015 | 943.082 FRA | MCE-ECF/45.4 | 01/12/2015 | 01/12/2015 | Book |
